01006 2200373 4500001002100000005001500021035002000036007000300056008004100059040001700100100001700117245007600134250000900210300003500219020002200254041000800276082000800284084001400292090001800306260003000324650001600354850001000370990002400380990002400404990002200428990002200450990002200472990002200494990002400516990002200540990002200562990002400584990002400608INLIS00000000000233220260603082926 a0010-0220000183ta260603 1  aSBPUPADbeng0 aWarner Bross1 aMy First Picture Word Book :bStarring The Looney Tunes /cWarner Bross aEd.1 a64 hlm. :bilus. ;c20 x 28 cm a978-979-29-5815-71 aeng a372 a372 FIR m a372 FIR m 3-1 aYogyakarta :bANDI,c2016 4aCerita Anak aPUPAD a34.029/DAK/DPK/2019 a34.030/DAK/DPK/2019 a27.924/P/DPK/2018 a27.927/H/DPK/2018 a27.711/P/DPK/2018 a27.926/H/DPK/2018 a34.030/DAK/DPK/2019 a27.925/P/DPK/2017 a27.712/P/DPK/2018 a34.028/DAK/DPK/2019 a34.027/DAK/DPK/2019